A história do ciganinho Chico (Registo nº 1564)

Detalhes MARC
000 -Etiqueta do registo
Cabeçalho 00852nam0a2200253 4500
005 - Identificador da versão
Campo de controlo 20240813121840.0
021 ## - Número do Depósito Legal
Código do país PT
Número 320694/10
003 - Persistent Record Identifier
control field http://porbase.bnportugal.pt/ipac20/ipac.jsp?profile=bn&uri=full=3100024~!2483757~!0
100 ## - Dados gerais de processamento
Dados gerais de processamento 20160304d2010 m y0pory50030103ba
102 ## - Pais de publicação ou produção
País de publicação Portugal
101 0# - Língua de publicação
Língua do texto, banda sonora, etc. Português
215 ## - Descrição física 
Indicação específica da natureza do documento e extensão da espécie 35 p.
Outras indicações físicas il. color
200 1# - Titulo e menção de responsabilidade
Título próprio A história do ciganinho Chico
Primeira menção de responsabilidade Bruno Gonçalves
Outras menções de responsabilidade il. Tiago Moleano Gomes
210 ## - Publicação, Distribuição, etc. 
Lugar da edição, distribuição, etc. [S.l.
Nome do editor, distribuidor, etc. Fundação Calouste Gulbenkian]
Data da publicação, distribuição, etc. D.L. 2010
606 ## - Nome comum usado como assunto
Número de registo de entrada de autoridade 0002010
Palavra de ordem Literatura portuguesa
Subdivisão de assunto Conto
Código do sistema CA
675 ## - Classificação Decimal Universal (CDU)
Notação 821.134.3-34
Edição 3ª ed.
Língua da edição por
702 #1 - Nome de autor-pessoa física (responsabilidade secundária)
Número de registo de entrada de autoridade 0002702
Palavra de ordem Gomes
Outra parte do nome não tomada para palavra de ordem Tiago Moleano
Código de função Ilustrador / Técnico de desenho computorizado
Número de registo de entrada de autoridade 0002703
Palavra de ordem Montenegro
Outra parte do nome não tomada para palavra de ordem Mirna
Datas 1959-
Código de função Autor da introdução / Prefaciador
700 #1 - Nome de autor-pessoa física (responsabilidade principal)
Número de registo de entrada de autoridade 0002701
Palavra de ordem Gonçalves
Outra parte do nome não tomada para palavra de ordem Bruno
966 ## - Identificação da Biblioteca
Sigla EB2,3ENM
942 ## - Elementos de entrada adicionados (Koha)
Tipo de item no Koha Livro
Exemplares
Situação do levantamento Origin of item (home branch) (coded) Biblioteca de empréstimo Código de barras Cota Circulation type (not for loan) Tipo de documento Nota do exemplar Damaged status
  Biblioteca Escolar Eng. Nuno Mergulhão Biblioteca Escolar Eng. Nuno Mergulhão BENM2922 82LP-34 GON   Livro Sem mensagem